Gianna Nannini da Siena /
Uloženo v:
| Hlavní autor: | |
|---|---|
| Médium: | Kniha |
| Jazyk: | italština |
| Vydáno: |
Milano :
A. Mondadori,
1991
|
| Edice: | Ingrandimenti
|
| Témata: | |
| Tagy: |
Žádné tagy, Buďte první, kdo vytvoří štítek k tomuto záznamu!
|
MARC
| LEADER | 00000nam a22000007i 4500 | ||
|---|---|---|---|
| 001 | IT\ICCU\LO1\0044542 | ||
| 003 | ItRI | ||
| 005 | 20260115231846.0 | ||
| 008 | 910703s1991 it |||||| ||||| |||||c | ||
| 020 | |a 8804335440 | ||
| 040 | |b ita |c importazione bologna sebina | ||
| 041 | 7 | |a ita |2 ISO-639-2 | |
| 082 | |a 784.540092 |9 CANZONI A LARGA DIFFUSIONE. ROCK. PERSONE COLLEGATE CON IL SOGGETTO |2 19 | ||
| 100 | 1 | |a Alberti, Barbara, |d (1943- ) |0 IT\ICCU\CFIV\019901 |4 aut | |
| 245 | 1 | 0 | |a Gianna Nannini da Siena / |c Barbara Alberti. |
| 260 | |a Milano : |b A. Mondadori, |c 1991 | ||
| 300 | |a 204 p. : |b ill. ; |c 30 cm. | ||
| 650 | 7 | |a Nannini, Gianna | |
| 830 | 0 | |a Ingrandimenti |0 IT\ICCU\CFI\0003306 | |
| 942 | |2 ddc |c BK |n 0 | ||
| 952 | |0 0 |1 0 |4 0 |6 L_782_421000000000000_ALB |7 0 |9 14441 |a BO |b BO |d 2026-01-15 |i 2945 |l 0 |o L 782.421 ALB |p BO2945 |r 2026-01-15 23:18:46 |w 2026-01-15 |x [Sebina 7] [1 v.] |y BK |z 1 v. | ||
| 999 | |c 12459 |d 12459 | ||